MLB Teams with the Most 100-Loss Seasons - Statistics

General Stats
  • This quiz has been taken 27 times
  • The average score is 7 of 9
Answer Stats
Total 100-Loss Seasons Most Recent Answer % Correct
6 2023 Oakland Athletics
92%
6 2019 Detroit Tigers
83%
6 1993 New York Mets
75%
5 2010 Seattle Mariners
75%
5 2022 Pittsburgh Pirates
71%
7 2021 Texas Rangers (Washington Senators)
71%
5 1993 San Diego Padres
67%
7 2023 Kansas City Royals
58%
5 2022 Washington Nationals (Montreal Expos)
58%
No matching quizzes found
Score Distribution
Percent of People with Each Score
Percentile by Number Answered
Your Score History
You have not taken this quiz